000 00445pab a2200169 454500
008 180718b1997 xxu||||| |||| 00| 0 eng d
100 _aOmondi-Odhiambo
245 _aMen's participation in family planning decisions in Kenya
260 _c1997
300 _ap.29-40
362 _aMar
650 _aBirth control - Kenya
650 _aFamily planning - Kenya
650 _aFamily planning
773 _aPopulation Studies
909 _a33823
999 _c33823
_d33823